000 00788nas a2200253Ia 4500
001 R109/44576
003 IT-RoPAU
008 151124c99999999xx |||||||||||| ||und||
040 _aIT-RoPAU
040 _cIT-RoPAU
041 _aFRANCESE
100 _aAries Philippe
_gCodice Aut. SPICS: 30111
210 _aCOMMUNICATIONS
222 _aCommunications
245 _aCOMMUNICATIONS, N.35 (1982)
_bReflexions Sur L'Histoire De L'Homosexualite'
250 _a1a ed.
260 _aPARIS
_bSEUIL
_c1982
501 _bPaulus - SPICS - Società San Paolo EM (non-commercial uses only)
_cCopyright2015
300 _a12 p. [56-67]
362 _aN.35 (1982)
500 _aRiflessioni-Sulla-Storia-Dell'Omosessualità
650 _aCOMUNICAZIONE
_vPUBBLICAZIONE PERIODICA
942 _cCR
999 _c199565
_d199565